Local land charge fees (Record no. 106418)

MARC details
000 -LEADER
fixed length control field 01043cam a2200229 4500
001 - CONTROL NUMBER
control field L136524
008 - FIXED-LENGTH DATA ELEMENTS--GENERAL INFORMATION
fixed length control field 070205n2007 000 0 eng u
035 ## - SYSTEM CONTROL NUMBER
System control number (Sirsi) u136524
041 0# - LANGUAGE CODE
Language code of text/sound track or separate title eng
050 04 - LIBRARY OF CONGRESS CALL NUMBER
Classification number 346.410438 $2 18
110 1# - MAIN ENTRY--CORPORATE NAME
Corporate name or jurisdiction name as entry element United Kingdom
Subordinate unit Department for Constitutional Affairs
9 (RLIN) 4899
245 00 - TITLE STATEMENT
Title Local land charge fees
Remainder of title guidance for registering authorities on setting fees for local land charge services in England
Medium [electronic resource]
260 ## - PUBLICATION, DISTRIBUTION, ETC.
Place of publication, distribution, etc. London
Name of publisher, distributor, etc. DCA
Date of publication, distribution, etc. 2007
520 ## - SUMMARY, ETC.
Summary, etc. Sets out for consultation the proposed guidance for registering authorities in England on setting fees for local land charge services (other than personal searches of the local land charges register).
590 ## - LOCAL NOTE (RLIN)
Local note KA NTK
650 24 - SUBJECT ADDED ENTRY--TOPICAL TERM
Topical term or geographic name entry element LOCAL LAND CHARGES ACT 1975
650 24 - SUBJECT ADDED ENTRY--TOPICAL TERM
Topical term or geographic name entry element CONSTITUTIONAL REFORM ACT 2005
651 #4 - SUBJECT ADDED ENTRY--GEOGRAPHIC NAME
Geographic name England
Chronological subdivision 886-
690 ## - LOCAL SUBJECT ADDED ENTRY--TOPICAL TERM (OCLC, RLIN)
Topical term or geographic name as entry element PROPERTY-PROPERTY TAXATION
856 40 - ELECTRONIC LOCATION AND ACCESS
Uniform Resource Identifier <a href="https://www.dca.gov.uk/consult/land_fees/cp2506.htm#resp">https://www.dca.gov.uk/consult/land_fees/cp2506.htm#resp</a>
Public note View the consultation paper free of charge at www.dca.gov.uk...
942 ## - ADDED ENTRY ELEMENTS (KOHA)
Suppress in OPAC 0
Holdings
Withdrawn status Lost status Source of classification or shelving scheme Damaged status Not for loan Home library Current library Shelving location Date acquired Total Checkouts Full call number Barcode Date last seen Copy number Price effective from Koha item type
    Dewey Decimal Classification     Virtual Virtual Online 05/02/2007   ONLINE PUBLICATION 136524-1001 06/08/2019 1 06/08/2019 Book